[Event "Pribina - TPK Cup   Mistrovství ÈR junio"]
[Site "Havlíèkùv Brod - hotel Slunce"]
[Date "2012.12.01"]
[Round "9.35"]
[White "Tùma, Jan"]
[Black "Stránská, Kamila"]
[Result "1/2-1/2"]
[WhiteElo "1738"]
[BlackElo "1627"]
[PlyCount "53"]
[EventDate "2012.11.25"]

1. e4 d5 2. exd5 Nf6 3. d4 Nxd5 4. Nf3 Bg4 5. Be2 e6 6. O-O Be7 7. c4 Nb6 8. b3
O-O 9. Bb2 Bf6 10. Nbd2 Nc6 11. Ne4 Be7 12. Ne5 Bxe2 13. Qxe2 Nxd4 14. Qe3 Nf5
15. Qf3 Qe8 16. Ng3 Nxg3 17. Qxg3 f6 18. Nf3 e5 19. Nh4 Qh5 20. Rfe1 Rad8 21.
Nf3 Qg6 22. Qh3 Nd7 23. Qe6+ Qf7 24. Qf5 Qg6 25. Qe6+ Qf7 26. Qf5 Qg6 27. Qe6+
1/2-1/2

[Event "Pribina - TPK Cup   Mistrovství ÈR junio"]
[Site "Havlíèkùv Brod - hotel Slunce"]
[Date "2012.12.01"]
[Round "9.36"]
[White "Zlámaná, Anna"]
[Black "Paøízek, Vojtìch"]
[Result "0-1"]
[WhiteElo "1484"]
[BlackElo "1727"]
[PlyCount "78"]
[EventDate "2012.11.25"]

1. e4 c5 2. Nf3 Nc6 3. d4 cxd4 4. Nxd4 Nf6 5. Nc3 e5 6. Ndb5 d6 7. Bg5 a6 8.
Na3 b5 9. Nd5 Be7 10. Bxf6 Bxf6 11. Be2 O-O 12. O-O Bg5 13. Bf3 Rb8 14. Rb1 g6
15. b4 Kh8 16. c4 Nd4 17. Nc2 Nxf3+ 18. Qxf3 f5 19. Na3 fxe4 20. Qe2 Be6 21.
Nc3 bxc4 22. Nxc4 Qc7 23. Nxe4 Bxc4 24. Qc2 Be7 25. Rfc1 d5 26. Nd2 Rfc8 27.
Qb2 Rxb4 28. Qc2 Rxb1 29. Nxb1 Bg5 30. Re1 Bb5 31. Qxc7 Rxc7 32. h3 Rc1 33.
Rxc1 Bxc1 34. Nc3 Bc4 35. Kh2 d4 36. Ne4 Bd3 37. Nc5 Be2 38. Ne4 d3 39. Nc3 d2
0-1

[Event "Pribina - TPK Cup   Mistrovství ÈR junio"]
[Site "Havlíèkùv Brod - hotel Slunce"]
[Date "2012.12.01"]
[Round "9.38"]
[White "Tobišková, Petra"]
[Black "Skoøepa, Tomáš"]
[Result "1/2-1/2"]
[WhiteElo "1515"]
[BlackElo "1695"]
[PlyCount "72"]
[EventDate "2012.11.25"]

1. d4 d5 2. Nf3 Nf6 3. Bf4 e6 4. e3 Be7 5. h3 O-O 6. Bd3 c5 7. c3 Nc6 8. Nbd2
b6 9. O-O Bb7 10. Re1 Rc8 11. Ne5 Bd6 12. Nxc6 Bxc6 13. Qf3 Qc7 14. Bxd6 Qxd6
15. Rac1 Rfd8 16. Qe2 Qd7 17. Nf3 c4 18. Bc2 b5 19. Ne5 Qc7 20. Nxc6 Qxc6 21.
f3 a5 22. e4 b4 23. e5 Ne8 24. f4 g6 25. g4 Ng7 26. Qg2 Rb8 27. cxb4 Rxb4 28.
b3 Qb6 29. a3 Qxd4+ 30. Qf2 Qxf2+ 31. Kxf2 Rbb8 32. bxc4 dxc4 33. Ba4 Rd4 34.
Kf3 Rbd8 35. Rc3 Kf8 36. Rec1 Rd3+ 1/2-1/2